| 000 | 00548nam a22002057a 4500 | ||
|---|---|---|---|
| 003 | OSt | ||
| 005 | 20250818104417.0 | ||
| 008 | 250818b2012 ag |||||||||| 00| 1 spa d | ||
| 020 | _a978-987-1912-04-9 | ||
| 040 | _cBesoc | ||
| 080 | _082-34(821.6) | ||
| 100 |
_aAguirre, Osvaldo. _d1964- _eautor |
||
| 245 | 1 | 0 |
_aOratorio Morante / _cOsvaldo Aguirre. |
| 250 | _a1a ed. | ||
| 260 |
_aRosario : _bEditorial Municipal, _c2012 |
||
| 300 |
_a77 p. ; _c16 cm. |
||
| 650 | 4 |
_aCuentos _zArgentinos |
|
| 650 | 4 |
_aLiteratura _zArgentina |
|
| 942 |
_2udc _cLPD _n0 |
||
| 999 |
_c554 _d554 |
||